Warriors, rebels and saints / (Record no. 2712)

MARC details
000 -LEADER
fixed length control field 01813cam a22002658i 4500
001 - CONTROL NUMBER
control field q83qkqnwnn16hrs6
003 - CONTROL NUMBER IDENTIFIER
control field GSU
005 - DATE AND TIME OF LATEST TRANSACTION
control field 20260603105315.0
008 - FIXED-LENGTH DATA ELEMENTS--GENERAL INFORMATION
fixed length control field 240511s2024 xx |||||||||||000 0|eng|d
020 ## - INTERNATIONAL STANDARD BOOK NUMBER
International Standard Book Number 9781805221111 (paperback)
040 ## - CATALOGING SOURCE
Description conventions rda
Language of cataloging eng
Transcribing agency GSU
Modifying agency GSU
050 00 - LIBRARY OF CONGRESS CALL NUMBER
Classification number JC330.3
Item number TEM
100 1# - MAIN ENTRY--PERSONAL NAME
Personal name Temkin, Moshik
Relationship author
245 10 - TITLE STATEMENT
Title Warriors, rebels and saints /
Statement of responsibility, etc. Moshik Temkin.
264 #1 - PRODUCTION, PUBLICATION, DISTRIBUTION, MANUFACTURE, AND COPYRIGHT NOTICE
Place of production, publication, distribution, manufacture London :
Name of producer, publisher, distributor, manufacturer Profile Books Ltd,
Date of production, publication, distribution, manufacture, or copyright notice ©2023
300 ## - PHYSICAL DESCRIPTION
Extent xiii, 304 pages :
Other physical details illustrations ;
Dimensions 24 cm
336 ## - CONTENT TYPE
Content type term text
Content type code txt
Source rdacontent
337 ## - MEDIA TYPE
Media type term unmediated
Media type code n
Source rdamedia
338 ## - CARRIER TYPE
Carrier type term volume
Carrier type code nc
Source rdacarrier
504 ## - BIBLIOGRAPHY, ETC. NOTE
Bibliography, etc. note Includes index.
520 ## - SUMMARY, ETC.
Summary, etc. We live in a period of leadership in crisis. At home, we sense that unqualified and irresponsible individuals are being elevated to positions of power, while across the globe, strong men leaders consolidate their hold on governance. How have we arrived at this point? And how can we correct our course? For the past decade, Moshik Temkin has challenged his students at Harvard University's Kennedy School of Government to grapple with the nature of leadership throughout history as part of his wildly popular course "On Leaders and Leadership." Now, in Warriors, Rebels and Saints, Temkin refashions the classroom for a wider audience. Using art and literature to illustrate the drama of the past, Temkin considers how leaders have made decisions in the most difficult circumstances-from the dictatorship of Rafael Trujillo and the anticolonial wars of the 20th century to the civil rights movement and the horrors of the Vietnam War-and how we can evaluate those decisions and draw lessons for today"-- Provided by publisher
650 ## - SUBJECT ADDED ENTRY--TOPICAL TERM
Topical term or geographic name entry element Political leadership
650 ## - SUBJECT ADDED ENTRY--TOPICAL TERM
Topical term or geographic name entry element Decision making
942 ## - ADDED ENTRY ELEMENTS (KOHA)
Source of classification or shelving scheme Library of Congress Classification
Koha item type Books
Classification part JC330.3
Call number prefix JC
Call number suffix TEM
Suppress in OPAC No
Holdings
Withdrawn status Lost status Source of classification or shelving scheme Damaged status Not for loan Collection code Home library Current library Shelving location Date acquired Source of acquisition Inventory number Total Checkouts Full call number Barcode Date last seen Copy number Price effective from Koha item type
    Library of Congress Classification     General Collection GSU Library Epoch GSU Library Epoch General Stacks 01/06/2026 B A I 05681   JC330.3 TEM 50000006821 01/06/2026 1 01/06/2026 Books